Представление документа в формате MARC21

Поле Инд. ПП Название Значение
Тип записи a
Библиографический уровень b
001 Контрольный номер RU/IS/BASE/264554192
005 Дата корректировки 20110623113532.6
008 Кодируемые данные 19980410
084 a Индекс другой классификации/Индекс ББК 63.3(2)632-64; 63.3(7США)63-64
097 00 a 750
245 00 a Заглавие Так рождался миф о советской ядерной угрозе
600 a Персоналии Даллес Аллен Уэлш
650 a Основная рубрика внешняя политика
a Основная рубрика история
a Основная рубрика международные отношения
a Основная рубрика политика
653 00 a Ключевые слова XX век
a Ключевые слова военная разведка
a Ключевые слова оружие
a Ключевые слова разведывательная деятельность
a Ключевые слова Россия
a Ключевые слова советский период
a Ключевые слова СССР
a Ключевые слова США
a Ключевые слова Центральное разведывательное управление США (ЦРУ)
a Ключевые слова ядерная бомба
a Ключевые слова ядерное оружие (атомное оружие)
773 00 t Заглавие источника Военно-исторический журнал
d Дата издания источника 1998
g Прочая информация № 1. - С. 46 - 53
w Контрольный № источника RU/IS/BASE/140117062
901 t Тип документа b